Statistics for 堺市の駅

Click here to take the quiz!

General Stats

  • This quiz has been taken 28 times
  • The average score is 30 of 47

Answer Stats

ヒントAnswer% Correct
三国ヶ丘
100%
100%
三国ヶ丘
100%
堺市
100%
100%
堺東
96%
中百舌鳥
96%
泉北高速線中百舌鳥
96%
なかもず
96%
JR阪和線浅香
92%
新金岡
88%
百舌鳥
83%
百舌鳥八幡
79%
深井
79%
栂・美木多
79%
光明池
79%
南海高野線浅香山
79%
上野芝
79%
羽衣
75%
大阪メトロ御堂筋線北花田
75%
北野田
71%
白鷺
71%
東羽衣
71%
浜寺公園
71%
津久野
67%
泉ヶ丘
63%
南海本線七道
63%
石津
58%
萩原天神
58%
石津川
58%
58%
初芝
54%
浜寺駅前
50%
諏訪ノ森
46%
大小路
38%
阪堺電気軌道阪堺線大和川
33%
宿院
29%
綾ノ町
29%
高須神社
25%
妙国寺前
25%
花田口
25%
寺地町
25%
東湊
25%
石津北
25%
船尾
25%
神明町
21%
御陵前
21%

Score Distribution

Percentile by Number Answered

Percent of People with Each Score

Your Score History

You have not taken this quiz